|
|
|
|
| LEADER |
00000cam a2200000 a 4500 |
| 001 |
vtls011533901 |
| 003 |
SK-MaSNL |
| 005 |
20260426002923.0 |
| 008 |
160310s2015 xo ao g f 000 0 slo |
| 015 |
|
|
|a SNBA2016/05
|
| 020 |
|
|
|a 9788089636082
|q (brožované)
|
| 040 |
|
|
|a SNK
|b slo
|c SNK
|e AACR2
|
| 041 |
0 |
|
|a slo
|
| 043 |
|
|
|a e-xo---
|
| 044 |
|
|
|a xo
|c SK
|
| 072 |
|
7 |
|a 069
|x Múzeá. Muzeológia. Múzejníctvo. Výstavy
|2 konspekt
|
| 072 |
|
7 |
|a 72
|x Architektúra
|2 konspekt
|
| 080 |
|
|
|a 725.1:352
|2 2011
|
| 080 |
|
|
|a (036)
|2 2011
|
| 080 |
|
|
|a (437.611)
|2 2011
|
| 080 |
|
|
|a 93/94
|2 2011
|
| 100 |
1 |
|
|a Holčík, Štefan,
|d 1944-
|4 aut
|4 pht
|9 98661
|
| 245 |
1 |
0 |
|a Stará radnica
|c autor textov: Štefan Holčík ; fotografie: Ľudmila Mišurová, Štefan Holčík
|
| 260 |
|
|
|a Bratislava
|b Múzeum mesta Bratislavy
|c 2015
|
| 300 |
|
|
|a 43 s.
|b fotogr., ilustr.
|c 21 cm
|
| 610 |
2 |
7 |
|a Stará radnica (Bratislava, Slovensko)
|2 SNKKA
|9 52959
|
| 650 |
0 |
7 |
|a radnice
|x dejiny
|2 SNKPH
|9 544664
|
| 650 |
0 |
7 |
|a City halls
|x history
|2 SNKPHeng
|9 544665
|
| 651 |
|
7 |
|a Bratislava (Slovensko)
|2 SNKPH
|9 14568
|
| 651 |
|
7 |
|a Bratislava (Slovakia)
|2 SNKPHeng
|9 171234
|
| 655 |
|
7 |
|a sprievodcovia (publikácie)
|2 SNKPH
|9 219172
|
| 655 |
|
7 |
|a Guidebooks
|2 SNKPHeng
|9 268010
|
| 700 |
1 |
|
|a Mišurová, Ľudmila
|4 pht
|9 8092
|
| 710 |
2 |
|
|a Múzeum mesta Bratislavy
|4 pbl
|9 177629
|
| 919 |
|
|
|a 978-80-89636-08-2
|
| 958 |
|
|
|a SK
|
| 999 |
|
|
|c 930787
|d 932717
|
| 952 |
|
|
|a SNK
|b SNK
|y PREZ
|7 0
|p 17A1182629
|o snkOSC 27479
|i snk2016/6889
|8 0
|0 0
|1 0
|4 0
|d 2016-03-10
|l 0
|r 2026-02-24 08:47:22
|w 2026-02-24
|
| 952 |
|
|
|a SNK
|b SNK
|y VYP
|7 0
|p 17A1182630
|o snkOSC 27479 D1
|i snk2016/6893
|8 0
|0 0
|1 0
|4 0
|d 2016-03-10
|l 0
|r 2026-02-24 08:47:22
|w 2026-02-24
|